| 000 | 00673nam a2200193Ia 4500 | ||
|---|---|---|---|
| 003 | GCL | ||
| 008 | 140319s9999 xx 000 0 ara d | ||
| 040 |
_aGCL / _cGCL |
||
| 082 | 0 | 4 |
_a239.8 _bس ا |
| 100 | 1 | _aسامية منيسى | |
| 245 | 1 | 0 |
_aامهات المؤمنين والقريشيات / _cسامية منيسى |
| 700 | 1 | _aحسين مؤنس | |
| 260 |
_aالرياض : _bدار المريخ للنشر ، _c1988 |
||
| 300 |
_a333 ص ؛ _c24 سم |
||
| 490 |
_aالصحابيات ودورهم فى بناء امة الاسلام _v0 |
||
| 650 | 0 | 4 | _aنساء النبى |
| 650 | 0 | 4 | _aزوجات النبى صلى الله عليه وسلم |
| 942 |
_2ddc _cBK |
||
| 999 |
_c28629 _d28629 |
||